Todas las primeras subdivisiones de Oceanía en un mapa - Estadísticas

Estadísticas generales
  • Esta prueba ha sido intentada 14 veces
  • La puntuación promedio es 26 de 220
Respuestas en el mapa
Las respuestas están codificadas por una escala verde-roja en el mapa de la prueba según el % correcto abajo.
 
Estadísticas de respuestas
Country Tipo Subdivision % Correcto
United States State Hawai
100%
Australia State Australia Occidental
89%
United States Territory Guam
89%
Australia State Queensland
89%
New Zealand Region Tasman
89%
Australia State Tasmania
89%
New Zealand Region Northland
78%
Papua New Guinea Province Occidental
78%
Solomon Islands Province Occidental
78%
France Collectivity Polinesia Francesa
78%
New Zealand Region Southland
78%
Australia Territory Territorio del Norte
78%
Australia State Victoria
78%
Australia State Australia Meridional
67%
Papua New Guinea District Distrito de la Capital Nacional
67%
France Sui Generis Collectivity Nueva Caledonia
67%
Australia State Nueva Gales del Sur
67%
Australia Territory Territorio de la Capital Australiana
67%
New Zealand Territory Tokelau
67%
New Zealand Region Auckland
56%
New Zealand Region Gran Wellington
56%
United States Territory Islas Marianas del Norte
56%
United Kingdom Territory Islas Pitcairn
56%
Solomon Islands Territory Territorio de la Capital
56%
Australia Overseas Territory Isla Norfolk
44%
Kiribati Council Maiana
44%
United States Territory Samoa Americana
44%
Papua New Guinea Region Bougainville
33%
Fiji Region Central
33%
Papua New Guinea Province Central
33%
Solomon Islands Province Central
33%
Fiji Region Este
33%
Fiji Region Norte
33%
Fiji Region Oeste
33%
France Collectivity Wallis y Futuna
33%
Nauru District Yaren
33%
Palau State Angaur
22%
Federated States of Micronesia State Chuuk
22%
Tuvalu Island Funafuti
22%
Kiribati Council Kiritimati
22%
Marshall Islands Municipality Majuro
22%
Papua New Guinea Province Nueva Irlanda
22%
Australia Territory Territorio de la Bahía de Jervis
22%
Tonga Division Tongatapu
22%
Federated States of Micronesia State Yap
22%
Cook Islands District Avarua
11%
Solomon Islands Province Choiseul
11%
Kiribati Council Eutan
11%
Solomon Islands Province Guadalcanal
11%
New Zealand Territory Islas Chatham
11%
Palau State Koror
11%
Federated States of Micronesia State Kosrae
11%
Marshall Islands Municipality Lae
11%
Palau State Melekeok
11%
Papua New Guinea Province Nueva Bretaña Occidental
11%
Papua New Guinea Province Nueva Bretaña Oriental
11%
Papua New Guinea Province Oro
11%
Indonesia Province Papúa
11%
Indonesia Province Papúa Central
11%
Indonesia Province Papúa Meridional
11%
Indonesia Province Papúa Occidental
11%
Indonesia Province Papúa Suroccidental
11%
Fiji Dependency Rotuma
11%
Kiribati Council Teinainano
11%
Papua New Guinea Province Tierras Altas del Sur
11%
Papua New Guinea Province Tierras Altas Occidentales
11%
Papua New Guinea Province Tierras Altas Orientales
11%
Samoa District Aʻana
0%
Kiribati Council Abaiang
0%
Kiribati Council Abemama
0%
Samoa District Aiga-i-le-Tai
0%
Marshall Islands Municipality Ailinglaplap
0%
Marshall Islands Municipality Ailuk
0%
Palau State Aimeliik
0%
Palau State Airai
0%
Cook Islands Council Aitutaki
0%
Nauru District Aiwo
0%
Niue Village Alofi Norte
0%
Niue Village Alofi Sur
0%
Indonesia Province Alta Papúa
0%
Nauru District Anabar
0%
Nauru District Anetan
0%
Nauru District Anibare
0%
Kiribati Council Aranuka
0%
Marshall Islands Municipality Arno
0%
Kiribati Council Arorae
0%
Cook Islands District Arorangi
0%
Cook Islands Council Atiu
0%
Samoa District Atua
0%
Marshall Islands Municipality Aur
0%
Niue Village Avatele
0%
New Zealand Region Bahía de Hawke
0%
New Zealand Region Bahía de la Abundancia
0%
Nauru District Baitsi
0%
Kiribati Council Banaba
0%
Kiribati Council Beru
0%
Kiribati Council Betio
0%
Nauru District Boe
0%
Nauru District Buada
0%
Kiribati Council Butaritari
0%
New Zealand Region Canterbury
0%
Kiribati Council Canton
0%
Papua New Guinea Province Chimbu
0%
New Zealand Region Costa Oeste
0%
Nauru District Denigomodu
0%
Marshall Islands Municipality Ebon
0%
Marshall Islands Municipality Enewetak | Ujelang
0%
Papua New Guinea Province Enga
0%
Tonga Division ʻEua
0%
Nauru District Ewa
0%
Samoa District Faʻasaleleaga
0%
Samoa District Gagaʻemauga
0%
Samoa District Gagaʻifomauga
0%
New Zealand Region Gisborne
0%
Papua New Guinea Province Gulf
0%
Tonga Division Haʻapai
0%
Niue Village Hakupu
0%
Palau State Hatohobei
0%
Papua New Guinea Province Hela
0%
Niue Village Hikutavake
0%
Nauru District Ijuw
0%
Solomon Islands Province Isabel
0%
Marshall Islands Municipality Jabat
0%
Marshall Islands Municipality Jaluit
0%
Papua New Guinea Province Jiwaka
0%
Palau State Kayangel
0%
Marshall Islands Municipality Kili | Bikini | Ejit
0%
Kiribati Council Kuria
0%
Marshall Islands Municipality Kwajalein
0%
Niue Village Lakepa
0%
Marshall Islands Municipality Lib
0%
Marshall Islands Municipality Likiep
0%
Niue Village Liku
0%
Papua New Guinea Province Madang
0%
Niue Village Makefu
0%
Kiribati Council Makin
0%
Solomon Islands Province Makira-Ulawa
0%
Solomon Islands Province Malaita
0%
Vanuatu Province Malampa
0%
Marshall Islands Municipality Maloelap
0%
New Zealand Region Manawatū-Whanganui
0%
Cook Islands Council Mangaia
0%
Cook Islands Council Manihiki
0%
Papua New Guinea Province Manus
0%
Kiribati Council Marakei
0%
New Zealand Region Marlborough
0%
Cook Islands District Matavera
0%
Cook Islands Council Mauke
0%
Marshall Islands Municipality Mejit
0%
Nauru District Meneng
0%
Marshall Islands Municipality Mili
0%
Papua New Guinea Province Milne Bay
0%
Cook Islands Council Mitiaro
0%
Papua New Guinea Province Morobe
0%
Niue Village Mutalau
0%
Marshall Islands Municipality Namdrik
0%
Marshall Islands Municipality Namu
0%
Niue Village Namukulu
0%
Tuvalu Island Nanumanga
0%
Tuvalu Island Nanumea
0%
New Zealand Region Nelson
0%
Palau State Ngaraard
0%
Palau State Ngarchelong
0%
Palau State Ngardmau
0%
Cook Islands District Ngatangiia
0%
Palau State Ngatpang
0%
Palau State Ngchesar
0%
Palau State Ngeremlengui
0%
Palau State Ngiwal
0%
Nauru District Nibok
0%
Kiribati Council Nikunau
0%
Tonga Division Niua
0%
Tuvalu Island Niutao
0%
Kiribati Council Nonouti
0%
Tuvalu Island Nui
0%
Tuvalu Island Nukufetau
0%
Tuvalu Island Nukulaelae
0%
Kiribati Council Onotoa
0%
New Zealand Region Otago
0%
Samoa District Palauli
0%
Cook Islands Council Palmerston
0%
Palau State Peleliu
0%
Vanuatu Province Penama
0%
Cook Islands Council Penrhyn
0%
Federated States of Micronesia State Ponapé
0%
Cook Islands Council Pukapuka
0%
Cook Islands Council Rakahanga
0%
Solomon Islands Province Rennell and Bellona
0%
Marshall Islands Municipality Rongelap
0%
Papua New Guinea Province Sandaun
0%
Vanuatu Province Sanma
0%
Samoa District Satupaʻitea
0%
Papua New Guinea Province Sepik Este
0%
Vanuatu Province Shefa
0%
Palau State Sonsorol
0%
Kiribati Council Tabiteuea Norte
0%
Kiribati Council Tabiteuea Sur
0%
Kiribati Council Tabuaeran
0%
Vanuatu Province Tafea
0%
Cook Islands District Takitumu
0%
Niue Village Tamakautoga
0%
Kiribati Council Tamana
0%
New Zealand Region Taranaki
0%
Solomon Islands Province Temotu
0%
Kiribati Council Teraina
0%
Niue Village Toi
0%
Vanuatu Province Torba
0%
Samoa District Tuamasaga
0%
Niue Village Tuapa
0%
Nauru District Uaboe
0%
Marshall Islands Municipality Ujae
0%
Marshall Islands Municipality Utirik
0%
Samoa District Va'a-o-Fonoti
0%
Niue Village Vaiea
0%
Samoa District Vaisigano
0%
Tuvalu Island Vaitupu
0%
Tonga Division Vavaʻu
0%
New Zealand Region Waikato
0%
Marshall Islands Municipality Wotho
0%
Marshall Islands Municipality Wotje
0%
No se encontraron pruebas coincidentes
Distribución de puntuación
Porcentaje de gente con cada puntuación
Porcentaje por número respondido
Historial de tus puntuaciones
No has intentado esta prueba.